000 00413nam a22001217a 4500
999 _c9359
_d9359
003 OSt
008 201203b ||||| |||| 00| 0 eng d
245 _aTrends In Transport Engineering And Applications
250 _a 2016( May-Aug Vol.3 No.2, Sep-Dec Vol.3 No.3 ) 2017( Jan-Apr Vol.4 No.1, May-Aug Vol.4 No.2, Sep-Dec Vol.4 No.3 )
260 _aNoida
_bSTM Journals
650 _aCivil Engineering
942 _2ddc
_cBV